Primárna prevencia kardiovaskulárnych ochorení : Ako postupovať pri náleze dyslipidémie u detí

Bibliographic Details
Main Author: Čižmárová, Eva (Author)
Format: Article
Language:Slovak

MARC

LEADER 00000nab a2200000ua 4500
001 vtls010833319
003 SK-MaSNL
005 20260304002235.0
008 240917s xo |||||||||||||||||slo|
035 |a (urnnbn)urn:nbn:sk:snk:ar-a06m3o 
035 |a urn:nbn:sk:snk-ab5xrt 
035 |a (uuid)cc31053c-c3c8-402e-a5ed-875c856ca03b 
040 |a SNKBUCL  |b slo  |c SNKBUCL  |e AACR2 
041 0 |a slo 
044 |a xo  |c SK 
100 1 |a Čižmárová, Eva  |4 aut  |9 375326 
245 1 0 |a Primárna prevencia kardiovaskulárnych ochorení :  |b Ako postupovať pri náleze dyslipidémie u detí  |c Eva Čižmárová 
773 0 |t Revue medicíny v praxi : odborný zdravotnícky časopis  |g Roč. 7, č. 4 (2009-2010), s. 12-14 
958 |a OND 
958 |a article5 
999 |c 2540813  |d 2542743